LDR 01486naa#a2200181#i#450# 001 RU\\bibl\120701 005 20260417215910.5 011 ## _a2073-5537 100 ## _a20260416b2026####ek#y0rusy0150####ca 102 ## _aRU 200 1# _aРазвитие деятельности СОНКО в России: эконометрическое моделирование и направления государственного регулирования _eЖурнальная статья 210 1# _aАстрахань _cАстраханский государственный технический университет _d2026 215 ## _a10 с. 608 ## _aЖурнальная статья _2local 675 ## _aИнформационные технологии. Компьютерные технологии. Теория вычислительных машин и систем. 004 _aДисплейный интерфейс. 004.51 _aСоциальные группы. Социальные организации. 316.35 _aЮридические лица и сходные образования. Виды юридических лиц. 347.19 _aФормы организаций и сотрудничества в экономике. 334 _aГосударственный бюджет. Национальный бюджет. 336.14 _z 700 #1 _aГалиахметова _gАлсу Махмутовна 700 #1 _aЛатынина _gНаталья Александровна 856 4# _avestnik.astu.org _u